<?xml version="1.0" encoding="UTF-8"?>
<record
    xmlns:xsi="http://www.w3.org/2001/XMLSchema-instance"
    xsi:schemaLocation="http://www.loc.gov/MARC21/slim http://www.loc.gov/standards/marcxml/schema/MARC21slim.xsd"
    xmlns="http://www.loc.gov/MARC21/slim">

  <leader>04735nam a2200421 a 4500</leader>
  <controlfield tag="001">dia_5202</controlfield>
  <controlfield tag="003">CHAP</controlfield>
  <controlfield tag="005">20240903121618.0</controlfield>
  <controlfield tag="007">ta</controlfield>
  <controlfield tag="008">220117s2013    mx ad  frm    001 0 spa d</controlfield>
  <datafield tag="010" ind1=" " ind2=" ">
    <subfield code="a">176088</subfield>
  </datafield>
  <datafield tag="040" ind1=" " ind2=" ">
    <subfield code="a">mxchpua</subfield>
    <subfield code="c">CHAP</subfield>
  </datafield>
  <datafield tag="041" ind1="0" ind2=" ">
    <subfield code="a">spa</subfield>
    <subfield code="b">eng</subfield>
  </datafield>
  <datafield tag="090" ind1=" " ind2=" ">
    <subfield code="a">Tesis </subfield>
    <subfield code="b">D66 </subfield>
    <subfield code="c">2013</subfield>
  </datafield>
  <datafield tag="100" ind1="1" ind2=" ">
    <subfield code="a">Dom&#xED;nguez Cadena, Mar&#xED;a del Socorro</subfield>
  </datafield>
  <datafield tag="245" ind1="1" ind2="0">
    <subfield code="a">Importancia de la cadena de fr&#xED;o en la calidad de los alimentos en cinco supermercados de Texcoco, estado de M&#xE9;xico /</subfield>
    <subfield code="c">Maria del Socorro Dom&#xED;nguez Cadena</subfield>
  </datafield>
  <datafield tag="264" ind1=" " ind2=" ">
    <subfield code="a">Chapingo, M&#xE9;xico : </subfield>
    <subfield code="b">El autor,</subfield>
    <subfield code="c">2013</subfield>
  </datafield>
  <datafield tag="300" ind1=" " ind2=" ">
    <subfield code="a">47 hojas :</subfield>
    <subfield code="b">ilustraciones, tablas, graficas +</subfield>
    <subfield code="e">1 CD-ROM</subfield>
  </datafield>
  <datafield tag="336" ind1=" " ind2=" ">
    <subfield code="2">rdacontent</subfield>
    <subfield code="a">texto</subfield>
    <subfield code="b">txt</subfield>
  </datafield>
  <datafield tag="337" ind1=" " ind2=" ">
    <subfield code="2">rdamedia</subfield>
    <subfield code="a">no mediado</subfield>
    <subfield code="b">n</subfield>
  </datafield>
  <datafield tag="338" ind1=" " ind2=" ">
    <subfield code="2">rdacarrier</subfield>
    <subfield code="a">volumen</subfield>
    <subfield code="b">nc</subfield>
  </datafield>
  <datafield tag="502" ind1=" " ind2=" ">
    <subfield code="a">Tesis </subfield>
    <subfield code="b">(Ingeniero Agroindustrial) --</subfield>
    <subfield code="c">UACh. Departamento de Ingenier&#xED;a Agroindustrial,</subfield>
    <subfield code="d">2013</subfield>
  </datafield>
  <datafield tag="504" ind1=" " ind2=" ">
    <subfield code="a">Bibliograf&#xED;a : hojas 40-44</subfield>
  </datafield>
  <datafield tag="520" ind1="3" ind2=" ">
    <subfield code="a">El manejo de la cadena de fr&#xED;o durante la cadena de suministro representa un factor indispensable para conservar la calidad e inocuidad de los productos c&#xE1;rnicos. Las interrupciones de la cadena de fr&#xED;o ocasionan importantes p&#xE9;rdidas econ&#xF3;micas a las empresas distribuidoras de alimentos como los supermercados. El objetivo de este estudio es determinar los par&#xE1;metros relevantes que inciden en la cadena de fr&#xED;o en los productos c&#xE1;rnicos en los supermercados. Se desarroll&#xF3; una encuesta aplicada a 5 centros comerciales de la zona de Texcoco, Estado de M&#xE9;xico. El cuestionario integraba informaci&#xF3;n sobre transporte, empaque, manejo de la calidad y la cadena de fr&#xED;o, tecnolog&#xED;as de monitoreo, tecnolog&#xED;as de refrigeraci&#xF3;n y almacenamiento. Los resultados obtenidos indican que el 100% de los supermercados utilizan embalaje aerobio en sus productos c&#xE1;rnicos al ingresar al supermercado y en su comercializaci&#xF3;n. Igualmente el 100% utiliza equipo automatizado para el registro de la calidad en la entrega de los productos y para identificar al proveedor, mientras que el 80% aplica el mismo equipo automatizado para el registro de calidad; control de temperatura, en el veh&#xED;culo de transporte y en la sala de almacenamiento. En cuanto a los equipos del sistema de refrigeraci&#xF3;n, el 100% cuenta con &#xE1;reas de carga refrigeradas, y un 80% con cortinas de protecci&#xF3;n y puertas de deslizamiento r&#xE1;pido. Este estudio proporciona una visi&#xF3;n general de las estrategias de control de la cadena de fr&#xED;o que manejan los supermercados de esta zona. Se trata de una informaci&#xF3;n preliminar que proporciona una l&#xED;nea b&#xE1;sica, sin embargo, es necesario continuar investigando para poder desarrollar estrategias que aseguren la calidad e inocuidad de los alimentos en esta cadena de suministro.</subfield>
  </datafield>
  <datafield tag="520" ind1="3" ind2=" ">
    <subfield code="a">Cold chain management throughout all supply chain is an essential factor in maintaining quality and safety of meat products. Cold chain Breaks cause significant economic losses to food distributors such as supermarkets. The aim of this study was to determine the relevant parameters affecting the cold chaining meat products at supermarkets. A survey was developed on five shopping centers in the area of Texcoco, State of Mexico. The questionnaire integrated information about transportation, packaging, quality management and cold chain monitoring technologies, cooling and storage technologies. The results indicate that aerobic packaging was used in 100% of respondents, at reception and marketing of the products. Besides, the 100% applied automatic equipment for recording product quality delivery and to identify suppliers, whilst 80% used automatic equipment as well for recording quality, temperature control at transport vehicle and in storage room. Regarding cooling equipment system, the 100% reported that cargo areas were refrigerated, the 80% of respondents used protection curtains and sliding doors fast. This study provides an overview of control strategies handled to maintain cold chain at supermarkets in the area. It is preliminary information that provides a base-line; however, more research is needed to develop strategies to ensure the quality and safety of food in the supply chain.</subfield>
  </datafield>
  <datafield tag="650" ind1="1" ind2="3">
    <subfield code="a">Fr&#xED;o</subfield>
    <subfield code="2">atg</subfield>
  </datafield>
  <datafield tag="650" ind1="1" ind2="3">
    <subfield code="a">Almacenamiento en fr&#xED;o</subfield>
    <subfield code="2">atg</subfield>
  </datafield>
  <datafield tag="650" ind1="1" ind2="3">
    <subfield code="a">Cold</subfield>
    <subfield code="2">atg</subfield>
  </datafield>
  <datafield tag="650" ind1="1" ind2="3">
    <subfield code="a">Cold storage</subfield>
    <subfield code="2">atg</subfield>
  </datafield>
  <datafield tag="700" ind1="1" ind2=" ">
    <subfield code="a">Maldonado Sim&#xE1;n, Ema de Jes&#xFA;s</subfield>
    <subfield code="e">director</subfield>
  </datafield>
  <datafield tag="700" ind1="1" ind2=" ">
    <subfield code="a">Ponce Hern&#xE1;ndez, Pedro</subfield>
    <subfield code="e">asesor</subfield>
  </datafield>
  <datafield tag="700" ind1="1" ind2=" ">
    <subfield code="a">Szymanski Duque, Rosa Guadalupe</subfield>
    <subfield code="e">asesor</subfield>
  </datafield>
  <datafield tag="856" ind1="4" ind2="1">
    <subfield code="u">http://10.13.5.2/tesis/sist109349.pdf</subfield>
    <subfield code="y">DESCARGAR PDF</subfield>
  </datafield>
  <datafield tag="901" ind1=" " ind2=" ">
    <subfield code="a">TESIS D66 2013</subfield>
  </datafield>
  <datafield tag="902" ind1=" " ind2=" ">
    <subfield code="a">M</subfield>
  </datafield>
  <datafield tag="905" ind1=" " ind2=" ">
    <subfield code="a">5232272103                          mx nm  8222223322spa16</subfield>
  </datafield>
  <datafield tag="942" ind1=" " ind2=" ">
    <subfield code="c">TESIS</subfield>
    <subfield code="2">Clasificaci&#xF3;n Universidad Aut&#xF3;noma Chapingo</subfield>
  </datafield>
  <datafield tag="999" ind1=" " ind2=" ">
    <subfield code="c">176088</subfield>
    <subfield code="d">176088</subfield>
  </datafield>
  <datafield tag="952" ind1=" " ind2=" ">
    <subfield code="0">0</subfield>
    <subfield code="1">0</subfield>
    <subfield code="2">local</subfield>
    <subfield code="4">0</subfield>
    <subfield code="5">1</subfield>
    <subfield code="7">0</subfield>
    <subfield code="8">TESIS</subfield>
    <subfield code="a">IA_</subfield>
    <subfield code="b">IA_</subfield>
    <subfield code="d">2013-07-02</subfield>
    <subfield code="e">El autor</subfield>
    <subfield code="l">0</subfield>
    <subfield code="o">Tesis D66 2013</subfield>
    <subfield code="p">1101007419</subfield>
    <subfield code="r">2022-01-18 00:00:00</subfield>
    <subfield code="t">Ej.3</subfield>
    <subfield code="w">2013-07-02</subfield>
    <subfield code="y">CD</subfield>
  </datafield>
  <datafield tag="952" ind1=" " ind2=" ">
    <subfield code="0">0</subfield>
    <subfield code="1">0</subfield>
    <subfield code="2">local</subfield>
    <subfield code="4">0</subfield>
    <subfield code="5">1</subfield>
    <subfield code="7">0</subfield>
    <subfield code="8">TESIS</subfield>
    <subfield code="a">IA_</subfield>
    <subfield code="b">IA_</subfield>
    <subfield code="d">2013-07-02</subfield>
    <subfield code="e">El autor</subfield>
    <subfield code="l">0</subfield>
    <subfield code="o">Tesis D66 2013</subfield>
    <subfield code="p">1101007417</subfield>
    <subfield code="r">2026-02-02 00:00:00</subfield>
    <subfield code="t">Ej.1</subfield>
    <subfield code="w">2013-07-02</subfield>
    <subfield code="y">TESIS</subfield>
  </datafield>
  <datafield tag="952" ind1=" " ind2=" ">
    <subfield code="0">0</subfield>
    <subfield code="1">0</subfield>
    <subfield code="2">local</subfield>
    <subfield code="4">0</subfield>
    <subfield code="5">1</subfield>
    <subfield code="7">0</subfield>
    <subfield code="8">TESIS</subfield>
    <subfield code="a">IA_</subfield>
    <subfield code="b">IA_</subfield>
    <subfield code="d">2013-07-02</subfield>
    <subfield code="e">El autor</subfield>
    <subfield code="l">0</subfield>
    <subfield code="o">Tesis D66 2013</subfield>
    <subfield code="p">1101007418</subfield>
    <subfield code="r">2022-01-18 00:00:00</subfield>
    <subfield code="t">Ej.2</subfield>
    <subfield code="w">2013-07-02</subfield>
    <subfield code="y">CD</subfield>
  </datafield>
  <datafield tag="952" ind1=" " ind2=" ">
    <subfield code="0">0</subfield>
    <subfield code="1">0</subfield>
    <subfield code="2">local</subfield>
    <subfield code="4">0</subfield>
    <subfield code="7">0</subfield>
    <subfield code="8">TesDigL</subfield>
    <subfield code="a">IA_</subfield>
    <subfield code="b">IA_</subfield>
    <subfield code="c">E_L</subfield>
    <subfield code="d">2013-07-02</subfield>
    <subfield code="e">El autor</subfield>
    <subfield code="l">0</subfield>
    <subfield code="p">1201007417</subfield>
    <subfield code="r">2024-09-03 13:22:50</subfield>
    <subfield code="w">2013-07-02</subfield>
    <subfield code="y">TD</subfield>
  </datafield>
</record>
